Dumle maut - Statistics

Yleistilastot
  • Tätä visaa on pelattu 47 kertaa
  • Keskiarvotulos 5 / 17
Vastaustilastot
Vastaus % Oikein
Original
76%
Orange
47%
Dark
44%
Banana
41%
Liquorice
41%
Strawberry
38%
Mint
26%
Polka mint
26%
Apple
24%
Apple-pear
21%
Fudge
21%
Gingerbread
21%
Lime
18%
Tutti Frutti
15%
Orange-mango
12%
Cranberry
9%
Cola
0%
Ehtoja vastaavia visoja ei löytynyt
Tulosjakauma
Jokaisen tuloksen saaneiden osuus
Persentiili vastausten määrän mukaan
Tuloshistoriasi
Et ole pelannut tätä visaa